[Event "Buenos Aires Banfield op"]
[Site "Buenos Aires"]
[Date "2005.12.13"]
[Round "3.5"]
[White "Devcic, Marcos"]
[Black "Ferro, Ezequiel"]
[Result "1-0"]
[WhiteElo "2334"]
[BlackElo "2151"]
[PlyCount "81"]
[EventDate "2005.12.11"]
[EventType "swiss"]
[EventRounds "9"]
[EventCountry "ARG"]
[SourceTitle "EXT 2024"]
[Source "ChessBase"]
[SourceDate "2023.10.10"]
[SourceVersion "1"]
[SourceVersionDate "2023.10.10"]
[SourceQuality "1"]

1. Nf3 d5 2. d4 Nc6 3. Bf4 Bf5 4. e3 e6 5. a3 Bd6 6. Bg5 Nge7 7. c4 dxc4 8. Bxc4 0-0 9. Nc3 f6 10. Bh4 Kh8 11. 0-0 Ng6 12. Bg3 e5 13. d5 Nce7 14. Nd2 Bd7 15. Kh1 f5 16. f4 a6 17. Rc1 Ng8 18. Be2 b5 19. Bh5 Nf6 20. Bxg6 exf4 21. exf4 hxg6 22. Nf3 Nh5 23. Bh4 Qc8 24. Ne2 Re8 25. Ne5 Rxe5 26. fxe5 Bxe5 27. Nd4 Qg8 28. Nf3 Bf4 29. Rc3 Re8 30. Re1 Re4 31. Bg5 Rxe1+ 32. Qxe1 Qxd5 33. Bxf4 Nxf4 34. Qh4+ Nh5 35. Qd8+ Kh7 36. Rc1 c6 37. Ng5+ Kh6 38. h4 Ng3+ 39. Kh2 Kh5 40. Nh3 Qd2 41. Rd1 1-0

[Event "Chesspangenberg op 1st"]
[Site "Buenos Aires"]
[Date "2003.11.07"]
[Round "4"]
[White "Giaccio, Alfredo Gustavo"]
[Black "Devcic, Marcos"]
[Result "1-0"]
[WhiteElo "2470"]
[BlackElo "2328"]
[PlyCount "117"]
[EventDate "2003.11.04"]
[EventType "swiss"]
[EventRounds "9"]
[EventCountry "ARG"]
[SourceTitle "EXT 2004"]
[Source "ChessBase"]
[SourceDate "2003.11.25"]
[SourceVersion "1"]
[SourceVersionDate "2003.11.25"]
[SourceQuality "1"]

1. e4 Nc6 2. Bb5 a6 3. Ba4 b5 4. Bb3 e6 5. a4 Bb7 6. d3 Nf6 7. Bg5 Be7 8. Nf3 0-0 9. c3 Ne8 10. h4 f6 11. Bf4 Bd6 12. Qd2 Ne5 13. Nxe5 fxe5 14. Bg3 Nf6 15. Qe2 g6 16. Nd2 Nh5 17. Nf3 Qf6 18. axb5 axb5 19. 0-0 Qg7 20. Qe3 Bc6 21. Bc2 Rae8 22. b4 h6 23. Rfb1 Rb8 24. Bd1 Kh7 25. Ra7 Rf7 26. Bh2 Rff8 27. Rb2 Rf7 28. d4 exd4 29. Nxd4 Bxh2+ 30. Kxh2 Qe5+ 31. Kg1 Rbf8 32. Bxh5 gxh5 33. Nxc6 dxc6 34. Rd2 Rg7 35. g3 Rff7 36. Kh2 Rd7 37. Rxd7 Rxd7 38. Qf4 Qg7 39. e5 Rf7 40. Qe4+ Rf5 41. f4 Qd7 42. Qd4 Qg7 43. Qd3 Kg6 44. Ra6 Qe7 45. Rxc6 Kg7 46. Qxb5 Qd7 47. Qc4 Qd2+ 48. Kh3 Qd1 49. Rxc7+ Rf7 50. Rxf7+ Kxf7 51. Qc6 Qf1+ 52. Kh2 Qe2+ 53. Qg2 Qd3 54. Qb2 Kg6 55. b5 Kf5 56. b6 Kg4 57. Qf2 Qxc3 58. b7 Qb3 59. f5 1-0

[Event "Chesspangenberg op 1st"]
[Site "Buenos Aires"]
[Date "2003.11.06"]
[Round "3"]
[White "Devcic, Marcos"]
[Black "Labollita, Martin"]
[Result "1/2-1/2"]
[WhiteElo "2328"]
[BlackElo "2446"]
[PlyCount "86"]
[EventDate "2003.11.04"]
[EventType "swiss"]
[EventRounds "9"]
[EventCountry "ARG"]
[SourceTitle "EXT 2004"]
[Source "ChessBase"]
[SourceDate "2003.11.25"]
[SourceVersion "1"]
[SourceVersionDate "2003.11.25"]
[SourceQuality "1"]

1. d4 d5 2. c4 c6 3. Nf3 Nf6 4. e3 Bf5 5. Bd3 Bg6 6. Qc2 e6 7. Nbd2 Nbd7 8. b3 Rc8 9. 0-0 Be7 10. Bb2 0-0 11. e4 dxe4 12. Nxe4 Nxe4 13. Bxe4 Nf6 14. Bxg6 hxg6 15. Rfd1 Qc7 16. Qe2 Rfd8 17. Rd3 b5 18. Rad1 bxc4 19. bxc4 Nd7 20. c5 Rb8 21. g3 Bf6 22. Bc1 Rb1 23. Bf4 Qb7 24. Kg2 Re8 25. Bd6 Rb2 26. R1d2 Rb5 27. Rc2 Be7 28. Be5 Rd8 29. Bf4 Nf6 30. Ne5 Nd5 31. Bd2 Bf6 32. Nc4 Nb4 33. Bxb4 Rxb4 34. Nd6 Qc7 35. Qd2 Rdb8 36. Qe3 Be7 37. Nc4 Rd8 38. a3 Rb1 39. Qf3 Rd5 40. Ne3 Rd7 41. Nc4 Rd5 42. Ne3 Rd8 43. Nc4 Rd5 1/2-1/2

[Event "Trenque Lauquen m 14th"]
[Site "Trenque Lauquen"]
[Date "2001.01.14"]
[Round "4"]
[White "Devcic, Marcos"]
[Black "Recoulat, Eduardo Juan"]
[Result "0-1"]
[WhiteElo "2350"]
[BlackElo "2323"]
[PlyCount "82"]
[EventDate "2001.01.15"]
[EventType "match"]
[EventRounds "4"]
[EventCountry "ARG"]
[SourceTitle "CBM 080 Extra"]
[Source "ChessBase"]
[SourceDate "2001.03.08"]
[SourceVersion "1"]
[SourceVersionDate "2001.03.08"]
[SourceQuality "1"]

1. d4 Nf6 2. c4 g6 3. Nc3 d5 4. cxd5 Nxd5 5. Bd2 Bg7 6. e4 Nxc3 7. Bxc3 0-0 8. Bc4 c5 9. Ne2 cxd4 10. Nxd4 Nc6 11. Nb5 Bxc3+ 12. Nxc3 e6 13. 0-0 Qe7 14. Qd2 Bd7 15. Kh1 Rad8 16. Be2 Qc5 17. Rac1 Qd4 18. Qh6 Qg7 19. Qh4 g5 20. Qg3 Nd4 21. Bd3 Bc6 22. Rce1 e5 23. Bc4 Kh8 24. f3 a6 25. a3 Rd6 26. Qf2 Rfd8 27. Rd1 Qf6 28. Nd5 Bxd5 29. Bxd5 Nc6 30. Rc1 R8d7 31. Qc5 Ne7 32. Rfd1 Qf4 33. Kg1 Kg7 34. g3 Qf6 35. Kg2 h5 36. Bb3 Rd2+ 37. Rxd2 Rxd2+ 38. Kh3 g4+ 39. fxg4 hxg4+ 40. Kxg4 Qg6+ 41. Kf3 Qh5+ 0-1

[Event "Buenos Aires PRENAJ"]
[Site "Buenos Aires"]
[Date "1994.??.??"]
[Round "11"]
[White "Devcic, Marcos"]
[Black "Spangenberg, Hugo"]
[Result "0-1"]
[WhiteElo "2300"]
[BlackElo "2510"]
[PlyCount "86"]
[EventDate "1994.??.??"]
[EventType "swiss"]
[EventRounds "11"]
[EventCountry "ARG"]
[SourceTitle "EXT 1997"]
[Source "ChessBase"]
[SourceDate "1996.11.15"]
[SourceVersion "1"]
[SourceVersionDate "1996.11.15"]
[SourceQuality "1"]

1. d4 d6 2. e4 g6 3. Nc3 Bg7 4. Bc4 c6 5. Nf3 d5 6. exd5 b5 7. Bd3 b4 8. Ne2 cxd5 9. 0-0 Nc6 10. h3 Nh6 11. a3 Qb6 12. Nf4 e6 13. axb4 Nxb4 14. Be2 0-0 15. c3 Nc6 16. b4 Nf5 17. b5 Nce7 18. Ba3 Qc7 19. Nd3 Re8 20. Bc5 Bb7 21. Bb4 a5 22. Bc5 Nc8 23. Nb2 e5 24. Nh2 e4 25. Ng4 h5 26. Ne3 Nxe3 27. fxe3 Bh6 28. Bxh5 gxh5 29. Qxh5 Bxe3+ 30. Kh1 Re6 31. Rae1 Bh6 32. Nd1 Rg6 33. Nf2 Nb6 34. Ng4 Bg7 35. Ne3 Re8 36. Nf5 Na4 37. Bd6 Qd8 38. Nxg7 Rxg7 39. Bf4 Re6 40. Re3 Reg6 41. Rf2 Nb6 42. Kh2 Nc4 43. Ree2 Rh7 0-1

[Event "Buenos Aires PRENAJ"]
[Site "Buenos Aires"]
[Date "1994.??.??"]
[Round "10"]
[White "Garbarino, Rodolfo"]
[Black "Devcic, Marcos"]
[Result "0-1"]
[WhiteElo "2395"]
[BlackElo "2300"]
[PlyCount "62"]
[EventDate "1994.??.??"]
[EventType "swiss"]
[EventRounds "11"]
[EventCountry "ARG"]
[SourceTitle "EXT 1997"]
[Source "ChessBase"]
[SourceDate "1996.11.15"]
[SourceVersion "1"]
[SourceVersionDate "1996.11.15"]
[SourceQuality "1"]

1. e4 c6 2. d4 d5 3. exd5 cxd5 4. c4 Nf6 5. Nc3 e6 6. Nf3 Be7 7. cxd5 Nxd5 8. Bd3 Nc6 9. 0-0 0-0 10. a3 Nf6 11. Bg5 b6 12. Rc1 Bb7 13. Bb1 Rc8 14. Qd3 g6 15. Rfd1 a6 16. Qe2 Na5 17. Ba2 b5 18. Ne5 Rc7 19. Bf4 Nh5 20. Bh6 Re8 21. Ne4 Qc8 22. Nc5 Bd5 23. b4 Nc6 24. Nxc6 Rxc6 25. Be3 Nf6 26. Bg5 Bxa2 27. Qxa2 Nd5 28. Bxe7 Rxe7 29. Qd2 Re8 30. Re1 Rd8 31. Rcd1 f6 0-1

[Event "Buenos Aires Najdorf op"]
[Site "Buenos Aires"]
[Date "1993.??.??"]
[Round "7"]
[White "Devcic, Marcos"]
[Black "Cativelli, Gerardo"]
[Result "1-0"]
[WhiteElo "2305"]
[BlackElo "2235"]
[PlyCount "47"]
[EventDate "1993.04.??"]
[EventType "swiss"]
[EventRounds "11"]
[EventCountry "ARG"]
[SourceTitle "TD"]
[Source "ChessBase"]
[SourceDate "1994.03.01"]
[SourceVersion "1"]
[SourceVersionDate "1994.03.01"]
[SourceQuality "1"]

1. d4 Nf6 2. c4 g6 3. Nc3 Bg7 4. Nf3 0-0 5. g3 d6 6. Bg2 Nc6 7. 0-0 a6 8. b3 Rb8 9. Bb2 b5 10. cxb5 axb5 11. Rc1 Bd7 12. Ne1 Bh6 13. e3 Na5 14. Nd3 c6 15. h3 Qb6 16. Ne2 Rfc8 17. Nef4 Bf5 18. Re1 Be4 19. Bxe4 Nxe4 20. Qf3 d5 21. Rc2 Nb7 22. Rec1 Ned6 23. Nc5 Re8 24. Nd7 1-0

[Event "Buenos Aires Najdorf op"]
[Site "Buenos Aires"]
[Date "1993.??.??"]
[Round "9"]
[White "Devcic, Marcos"]
[Black "Garbarino, Rodolfo"]
[Result "0-1"]
[WhiteElo "2305"]
[BlackElo "2405"]
[PlyCount "52"]
[EventDate "1993.04.??"]
[EventType "swiss"]
[EventRounds "11"]
[EventCountry "ARG"]
[SourceTitle "TD"]
[Source "ChessBase"]
[SourceDate "1994.03.01"]
[SourceVersion "1"]
[SourceVersionDate "1994.03.01"]
[SourceQuality "1"]

1. d4 Nf6 2. c4 c5 3. d5 e6 4. Nf3 exd5 5. cxd5 d6 6. g3 g6 7. Bg2 Bg7 8. 0-0 0-0 9. Nc3 a6 10. a4 Re8 11. Nd2 Nbd7 12. Re1 Rb8 13. Nc4 Ne5 14. Na3 Nh5 15. e4 Bd7 16. Qc2 b5 17. axb5 axb5 18. Nd1 f5 19. Bd2 Ra8 20. Rc1 Rf8 21. Bc3 f4 22. Bxe5 Bxe5 23. Qd3 c4 24. Qe2 Qb6 25. Kh1 fxg3 26. fxg3 Bxg3 0-1

[Event "Buenos Aires Najdorf op"]
[Site "Buenos Aires"]
[Date "1993.??.??"]
[Round "3"]
[White "Devcic, Marcos"]
[Black "Tempone, Marcelo"]
[Result "0-1"]
[WhiteElo "2305"]
[BlackElo "2450"]
[PlyCount "100"]
[EventDate "1993.04.??"]
[EventType "swiss"]
[EventRounds "11"]
[EventCountry "ARG"]
[SourceTitle "TD"]
[Source "ChessBase"]
[SourceDate "1994.03.01"]
[SourceVersion "1"]
[SourceVersionDate "1994.03.01"]
[SourceQuality "1"]

1. d4 Nf6 2. Nf3 g6 3. g3 Bg7 4. Bg2 0-0 5. 0-0 d6 6. c4 Nc6 7. Nc3 e5 8. d5 Ne7 9. e4 Ne8 10. Be3 h6 11. Qd2 Kh7 12. Rac1 f5 13. Ne1 Nf6 14. f3 c5 15. dxc6 bxc6 16. Rd1 fxe4 17. fxe4 Bg4 18. Rc1 Be6 19. b3 Ng4 20. Nf3 c5 21. Kh1 Nc6 22. Bg1 Nd4 23. Nd5 Qd7 24. b4 Nf6 25. Nxd4 cxd4 26. Qd3 Rf7 27. b5 Raf8 28. a4 h5 29. Nxf6+ Bxf6 30. c5 dxc5 31. Rxc5 Bg7 32. Rxf7 Rxf7 33. h4 Qe7 34. Rc6 Bd7 35. Rc7 Qd6 36. Rc2 Bg4 37. Rc4 a6 38. Rc6 Qb4 39. Rxa6 Qe1 40. Kh2 Be2 41. Qb3 Rf8 42. Qe6 Rf6 43. Qc8 Rxa6 44. Qxa6 d3 45. Be3 d2 46. Bxd2 Qxd2 47. Qb6 Bf3 48. Qg1 Bxe4 49. b6 Bb7 50. Kh1 e4 0-1

[Event "Buenos Aires Najdorf op"]
[Site "Buenos Aires"]
[Date "1993.??.??"]
[Round "4"]
[White "Giaccio, Alfredo Gustavo"]
[Black "Devcic, Marcos"]
[Result "1-0"]
[WhiteElo "2360"]
[BlackElo "2305"]
[PlyCount "55"]
[EventDate "1993.04.??"]
[EventType "swiss"]
[EventRounds "11"]
[EventCountry "ARG"]
[SourceTitle "TD"]
[Source "ChessBase"]
[SourceDate "1994.03.01"]
[SourceVersion "1"]
[SourceVersionDate "1994.03.01"]
[SourceQuality "1"]

1. e4 c5 2. Nf3 d6 3. d4 cxd4 4. Nxd4 Nf6 5. Nc3 a6 6. Bc4 e6 7. Bb3 Be7 8. 0-0 0-0 9. Qf3 Qc7 10. Qg3 Re8 11. f4 Nc6 12. Nxc6 Qxc6 13. f5 Nxe4 14. Nxe4 Qxe4 15. f6 Bf8 16. Rf4 Qe5 17. fxg7 Bxg7 18. Be3 Kh8 19. Bd4 Qxd4+ 20. Rxd4 Bxd4+ 21. Kh1 Be5 22. Qf3 f5 23. Qh5 Bd7 24. Qf7 Rad8 25. Re1 Rf8 26. Qe7 Rfe8 27. Qh4 Rg8 28. Rxe5 1-0

[Event "Buenos Aires Najdorf op"]
[Site "Buenos Aires"]
[Date "1993.??.??"]
[Round "10"]
[White "Rodriguez, Jorge Luis"]
[Black "Devcic, Marcos"]
[Result "1-0"]
[WhiteElo "2365"]
[BlackElo "2305"]
[PlyCount "57"]
[EventDate "1993.04.??"]
[EventType "swiss"]
[EventRounds "11"]
[EventCountry "ARG"]
[SourceTitle "TD"]
[Source "ChessBase"]
[SourceDate "1994.03.01"]
[SourceVersion "1"]
[SourceVersionDate "1994.03.01"]
[SourceQuality "1"]

1. d4 d5 2. c4 dxc4 3. e4 Nf6 4. e5 Nd5 5. Bxc4 Nb6 6. Bb3 Nc6 7. Be3 Bf5 8. Ne2 e6 9. Nbc3 Be7 10. 0-0 Nb4 11. Ng3 Bg6 12. f4 N4d5 13. Qf3 c6 14. Rad1 0-0 15. Bc1 a5 16. f5 exf5 17. Nxf5 Nxc3 18. bxc3 a4 19. Bc2 Re8 20. Be4 Qd7 21. h4 Qe6 22. h5 Bxf5 23. Bxf5 Qxa2 24. h6 g6 25. e6 Bf8 26. Bxg6 fxg6 27. Qf7+ Kh8 28. Bg5 Nd5 29. e7 1-0

[Event "Buenos Aires Najdorf qual"]
[Site "Buenos Aires"]
[Date "1992.??.??"]
[Round "11"]
[White "Bulcourf, Carlos"]
[Black "Devcic, Marcos"]
[Result "1/2-1/2"]
[WhiteElo "2210"]
[BlackElo "2320"]
[PlyCount "28"]
[EventDate "1992.??.??"]
[EventType "swiss"]
[EventRounds "11"]
[EventCountry "ARG"]
[SourceTitle "EXT 1997"]
[Source "ChessBase"]
[SourceDate "1996.11.15"]
[SourceVersion "1"]
[SourceVersionDate "1996.11.15"]
[SourceQuality "1"]

1. b4 e6 2. Bb2 a6 3. e3 Nf6 4. a3 d5 5. c4 dxc4 6. Bxc4 b5 7. Be2 c5 8. Bf3 Ra7 9. a4 bxa4 10. bxc5 Bxc5 11. Ne2 0-0 12. 0-0 Bb7 13. Rxa4 Bxf3 14. gxf3 Nbd7 1/2-1/2

[Event "Buenos Aires Najdorf qual"]
[Site "Buenos Aires"]
[Date "1992.??.??"]
[Round "3"]
[White "Devcic, Marcos"]
[Black "Benko, Francisco"]
[Result "1-0"]
[WhiteElo "2320"]
[BlackElo "2260"]
[PlyCount "145"]
[EventDate "1992.??.??"]
[EventType "swiss"]
[EventRounds "11"]
[EventCountry "ARG"]
[SourceTitle "EXT 1997"]
[Source "ChessBase"]
[SourceDate "1996.11.15"]
[SourceVersion "1"]
[SourceVersionDate "1996.11.15"]
[SourceQuality "1"]

1. d4 Nf6 2. c4 e5 3. dxe5 Ng4 4. Nf3 Nc6 5. e3 Bb4+ 6. Bd2 Bxd2+ 7. Qxd2 0-0 8. Be2 Ngxe5 9. Nc3 d6 10. 0-0 Be6 11. b3 a5 12. Nd4 Nxd4 13. exd4 Ng6 14. f4 f5 15. Rae1 Bd7 16. Bh5 c6 17. Bxg6 hxg6 18. Nd1 Qf6 19. Nf2 Rfe8 20. Nh3 Re4 21. Ng5 Rxe1 22. Rxe1 Re8 23. Rxe8+ Bxe8 24. Qe3 Bf7 25. h3 a4 26. Kh2 Qd8 27. Qe1 axb3 28. axb3 Kf8 29. Qb4 Qe7 30. Qa5 Be8 31. Qa3 Bf7 32. Qa8+ Be8 33. Qb8 Qd7 34. b4 b5 35. c5 Ke7 36. Kg3 d5 37. Nf3 Kf8 38. Ne5 Qe6 39. Qd6+ Qe7 40. Qxe7+ Kxe7 41. Kh4 Kf6 42. g3 g5+ 43. fxg5+ Ke6 44. g4 fxg4 45. Kxg4 g6 46. h4 Ke7 47. Kf4 Ke6 48. Ng4 Bd7 49. Nf6 Bc8 50. h5 gxh5 51. Nxh5 Kf7 52. Nf6 Kg6 53. Ng4 Bb7 54. Ne5+ Kg7 55. Nf3 Bc8 56. Nh4 Kf7 57. Ke5 Ke7 58. Ng6+ Kf7 59. Nf4 Bd7 60. Kd6 Be8 61. Kc7 Ke7 62. Nd3 Ke6 63. Ne5 Kf5 64. g6 Kf6 65. Kd6 Kg7 66. Nxc6 Kxg6 67. Kxd5 Bf7+ 68. Ke5 Bc4 69. d5 Kf7 70. Kd6 Ke8 71. Ne5 Kd8 72. Nf3 Kc8 73. Kc6 1-0

[Event "Buenos Aires Najdorf qual"]
[Site "Buenos Aires"]
[Date "1992.??.??"]
[Round "10"]
[White "Devcic, Marcos"]
[Black "Quiroga, Facundo"]
[Result "1/2-1/2"]
[WhiteElo "2320"]
[BlackElo "2225"]
[PlyCount "28"]
[EventDate "1992.??.??"]
[EventType "swiss"]
[EventRounds "11"]
[EventCountry "ARG"]
[SourceTitle "EXT 1997"]
[Source "ChessBase"]
[SourceDate "1996.11.15"]
[SourceVersion "1"]
[SourceVersionDate "1996.11.15"]
[SourceQuality "1"]

1. d4 Nf6 2. c4 e6 3. Nf3 b6 4. g3 Bb7 5. Bg2 Be7 6. 0-0 0-0 7. d5 exd5 8. Nh4 c6 9. cxd5 Nxd5 10. Nf5 Nc7 11. e4 d5 12. Nc3 Nba6 13. exd5 Nxd5 14. Nxd5 cxd5 1/2-1/2

[Event "Buenos Aires Najdorf qual"]
[Site "Buenos Aires"]
[Date "1992.??.??"]
[Round "2"]
[White "Roman, Facundo"]
[Black "Devcic, Marcos"]
[Result "1-0"]
[WhiteElo "2310"]
[BlackElo "2320"]
[PlyCount "79"]
[EventDate "1992.??.??"]
[EventType "swiss"]
[EventRounds "11"]
[EventCountry "ARG"]
[SourceTitle "EXT 1997"]
[Source "ChessBase"]
[SourceDate "1996.11.15"]
[SourceVersion "1"]
[SourceVersionDate "1996.11.15"]
[SourceQuality "1"]

1. e4 c6 2. d4 d5 3. Nc3 dxe4 4. Nxe4 Bf5 5. Ng3 Bg6 6. h4 h6 7. Nf3 Nd7 8. h5 Bh7 9. Bd3 Bxd3 10. Qxd3 e6 11. Bd2 Qc7 12. 0-0-0 Bd6 13. Ne4 Bf4 14. g3 Bxd2+ 15. Nfxd2 Ngf6 16. Qa3 c5 17. Nxf6+ Nxf6 18. Qxc5 Qxc5 19. dxc5 Rc8 20. b4 b6 21. cxb6 axb6 22. Rh4 Nd5 23. a3 Rc3 24. Kb2 Ke7 25. Rc4 Rxc4 26. Nxc4 Rc8 27. Ne5 b5 28. Rd4 Nb6 29. Kb3 f6 30. Nd3 Rc4 31. Rh4 Kd6 32. Nc5 Rxh4 33. gxh4 Kd5 34. a4 e5 35. axb5 e4 36. Na4 Nc4 37. Nc3+ Kd4 38. Ne2+ Kd5 39. Nf4+ Kd4 40. c3+ 1-0

[Event "Buenos Aires Najdorf qual"]
[Site "Buenos Aires"]
[Date "1992.??.??"]
[Round "9"]
[White "Samur, Arturo"]
[Black "Devcic, Marcos"]
[Result "1/2-1/2"]
[WhiteElo "2305"]
[BlackElo "2320"]
[PlyCount "104"]
[EventDate "1992.??.??"]
[EventType "swiss"]
[EventRounds "11"]
[EventCountry "ARG"]
[SourceTitle "EXT 1997"]
[Source "ChessBase"]
[SourceDate "1996.11.15"]
[SourceVersion "1"]
[SourceVersionDate "1996.11.15"]
[SourceQuality "1"]

1. Nf3 d5 2. d4 Nf6 3. c4 e6 4. g3 Be7 5. Bg2 0-0 6. 0-0 c5 7. dxc5 Bxc5 8. Qc2 Be7 9. Rd1 Nc6 10. a3 Qa5 11. Bf4 dxc4 12. Nbd2 c3 13. b4 Qh5 14. Nc4 Nd5 15. Bd6 b5 16. Bxe7 Ncxe7 17. Nd6 Rd8 18. Ne4 Bb7 19. Nc5 Bc6 20. Nd4 Be8 21. Qe4 Qg6 22. Qxg6 hxg6 23. Rac1 a5 24. bxa5 Rdc8 25. Ndb3 Nc6 26. e4 Nf6 27. a6 Na5 28. Nxa5 Rxc5 29. Nb7 Rc7 30. Rd8 Rxd8 31. Nxd8 e5 32. Nb7 Rc6 33. Bf1 Rxa6 34. Rxc3 Ra7 35. Nd6 Bd7 36. f3 Ra5 37. Rb3 g5 38. Nxb5 g4 39. Kf2 gxf3 40. Kxf3 Ra4 41. Bd3 Bg4+ 42. Ke3 Bd7 43. Rb4 Bxb5 44. Rxb5 Rxa3 45. h3 Nh5 46. Rxe5 Nxg3 47. Rg5 Nh1 48. Rg2 Kf8 49. Kd4 g6 50. h4 Ke7 51. h5 gxh5 52. Rh2 Ra1 1/2-1/2

[Event "Acasusso Valle op"]
[Site "Acasusso"]
[Date "1991.??.??"]
[Round "2"]
[White "Anelli, Antonio"]
[Black "Devcic, Marcos"]
[Result "1/2-1/2"]
[WhiteElo "2295"]
[BlackElo "2365"]
[PlyCount "71"]
[EventDate "1991.??.??"]
[EventType "swiss"]
[EventRounds "11"]
[EventCountry "ARG"]
[SourceTitle "EXT 1997"]
[Source "ChessBase"]
[SourceDate "1996.11.15"]
[SourceVersion "1"]
[SourceVersionDate "1996.11.15"]
[SourceQuality "1"]

1. d4 d5 2. c4 dxc4 3. e3 Nf6 4. Bxc4 e6 5. Nf3 a6 6. a4 c5 7. 0-0 Nc6 8. Qe2 Qc7 9. Nc3 Be7 10. dxc5 Bxc5 11. e4 Ng4 12. g3 Nge5 13. Nxe5 Nxe5 14. Ba2 Qe7 15. Be3 0-0 16. f4 Bxe3+ 17. Qxe3 Ng4 18. Qe2 Nh6 19. h3 Bd7 20. Rfd1 Bc6 21. Rd2 Rad8 22. Rad1 Rxd2 23. Rxd2 Qb4 24. Qc4 Qb6+ 25. Qd4 Qa5 26. g4 Kh8 27. b4 Qc7 28. Qd6 Qxd6 29. Rxd6 Rc8 30. Rd2 Ng8 31. Kf2 Ne7 32. Ke3 Kg8 33. b5 axb5 34. axb5 Be8 35. Kd3 Kf8 36. f5 1/2-1/2

[Event "Buenos Aires Konex"]
[Site "Buenos Aires"]
[Date "1991.??.??"]
[Round "6"]
[White "Bulcourf, Carlos"]
[Black "Devcic, Marcos"]
[Result "1-0"]
[WhiteElo "2205"]
[BlackElo "2365"]
[PlyCount "69"]
[EventDate "1991.03.??"]
[EventType "swiss"]
[EventRounds "9"]
[EventCountry "ARG"]
[SourceTitle "EXT 2000"]
[Source "ChessBase"]
[SourceDate "1999.11.16"]
[SourceVersion "1"]
[SourceVersionDate "1999.11.16"]
[SourceQuality "1"]

1. b4 Nf6 2. Bb2 e6 3. b5 a5 4. e3 c5 5. c4 d5 6. Bxf6 Qxf6 7. Nc3 Qd8 8. Nf3 Be7 9. Qc2 dxc4 10. Bxc4 Nd7 11. 0-0 Qc7 12. Rac1 0-0 13. Ne4 a4 14. d4 cxd4 15. exd4 Nf6 16. Rfd1 Qf4 17. Neg5 h6 18. g3 Qc7 19. Ne4 b6 20. Ne5 Bb7 21. Nxf6+ Bxf6 22. Nc6 Bg5 23. f4 Bf6 24. d5 exd5 25. Bxd5 a3 26. Qf5 Bc8 27. Qe4 Bg4 28. Ne5 Bxe5 29. fxe5 Qd7 30. e6 Bxe6 31. Bxa8 Qxb5 32. Bd5 Bh3 33. Qc4 Qb2 34. Rc2 Qe5 35. Qf4 1-0

[Event "Buenos Aires Konex"]
[Site "Buenos Aires"]
[Date "1991.??.??"]
[Round "3"]
[White "Devcic, Marcos"]
[Black "Zapata, Alonso"]
[Result "0-1"]
[WhiteElo "2365"]
[BlackElo "2530"]
[PlyCount "108"]
[EventDate "1991.03.??"]
[EventType "swiss"]
[EventRounds "9"]
[EventCountry "ARG"]
[SourceTitle "EXT 2000"]
[Source "ChessBase"]
[SourceDate "1999.11.16"]
[SourceVersion "1"]
[SourceVersionDate "1999.11.16"]
[SourceQuality "1"]

1. d4 Nf6 2. c4 d6 3. Nf3 g6 4. g3 Bg7 5. Bg2 0-0 6. 0-0 Nc6 7. Nc3 a6 8. b3 Rb8 9. Bb2 b5 10. cxb5 axb5 11. Rc1 Bd7 12. d5 Na5 13. Nd4 b4 14. Nb1 e5 15. dxe6 fxe6 16. e4 c5 17. Ne2 Bb5 18. Nd2 e5 19. Nc4 Nxc4 20. bxc4 Bc6 21. Qd3 Qe7 22. Rc2 Bh6 23. Bc1 Bxc1 24. Nxc1 Ra8 25. Rb2 Ne8 26. f4 Ng7 27. Rd2 Rad8 28. Nb3 Ne6 29. Rdf2 Nd4 30. Nxd4 exd4 31. a3 Rb8 32. axb4 Rxb4 33. Re1 Qb7 34. f5 gxf5 35. exf5 Bxg2 36. Rxg2 Rb3 37. Qd1 Qf3 38. Rge2 Rd3 39. Qc1 Qxf5 40. Qh6 Rf3 41. Re7 Rf1+ 42. Kg2 Qc2+ 43. Kh3 Qg6 44. R1e6 R1f6 45. Rxf6 Rxf6 46. Re8+ Qxe8 47. Qxf6 Qh5+ 48. Kg2 Qe2+ 49. Kh3 Qe5 50. Qd8+ Kg7 51. Qd7+ Kh6 52. g4 d3 53. Qf7 d2 54. g5+ Kxg5 0-1